LEADER 01040cam0-2200361---450- 001 990005584890403321 005 20101025104519.0 035 $a000558489 035 $aFED01000558489 035 $a(Aleph)000558489FED01 035 $a000558489 100 $a19990604d1970----km-y0itay50------ba 101 0 $ager 102 $aIT 105 $aa-------00-yy 200 1 $aDada germanico$eDocumenti e periodici dada$fa cura di Arturo Schwarz 205 $aRist. anast. 210 $aMilano-Roma$cGabriele Mazzotta$d1970 215 $a1 cartella (6 facs.)$cill.$d37 cm 225 1 $aArchivi d'arte del 20. secolo 300 $aRipr. delle ed. orig 300 $aEd. di 500 esempl. 610 0 $aDadaismo$aGermania$aTesti e documenti 676 $a709.04062 676 $a709.43 702 1$aSchwarz,$bArturo$f<1924- > 801 0$aIT$bUNINA$gRICA$2UNIMARC 901 $aBK 912 $a990005584890403321 952 $a709.04 SCH 4$bST. ARTE 10956$fFLFBC 959 $aFLFBC 996 $aDada germanico$9608034 997 $aUNINA LEADER 03412nam 22006735 450 001 996465498903316 005 20200703075106.0 010 $a3-319-76369-5 024 7 $a10.1007/978-3-319-76369-9 035 $a(CKB)4100000002522195 035 $a(DE-He213)978-3-319-76369-9 035 $a(MiAaPQ)EBC5596073 035 $a(PPN)225550660 035 $a(EXLCZ)994100000002522195 100 $a20180224d2018 u| 0 101 0 $aeng 135 $aurnn|008mamaa 181 $ctxt$2rdacontent 182 $cc$2rdamedia 183 $acr$2rdacarrier 200 10$aLove and Sex with Robots$b[electronic resource] $eThird International Conference, LSR 2017, London, UK, December 19-20, 2017, Revised Selected Papers /$fedited by Adrian David Cheok, David Levy 205 $a1st ed. 2018. 210 1$aCham :$cSpringer International Publishing :$cImprint: Springer,$d2018. 215 $a1 online resource (XIV, 169 p. 26 illus.) 225 1 $aLecture Notes in Artificial Intelligence ;$v10715 300 $aIncludes index. 311 $a3-319-76368-7 330 $aThis book constitutes the refereed proceedings of the Third International Conference on Love and Sex with Robots, LSR 2017, held in December 2017, in London, UK. The 12 revised papers presented together with 2 keynotes were carefully reviewed and selected from a total of 83 submissions. One of the biggest challenges of the Love and Sex with Robots conference is to engage a wider scientific community in the discussions of the multifaceted topic, which has only recently established itself as an academic research topic within, but not limited to, the disciplines of artificial intelligence, human-computer interaction, robotics, biomedical science and robot ethics etc. . 410 0$aLecture Notes in Artificial Intelligence ;$v10715 606 $aArtificial intelligence 606 $aComputer communication systems 606 $aSpecial purpose computers 606 $aApplication software 606 $aComputers 606 $aArtificial Intelligence$3https://scigraph.springernature.com/ontologies/product-market-codes/I21000 606 $aComputer Communication Networks$3https://scigraph.springernature.com/ontologies/product-market-codes/I13022 606 $aSpecial Purpose and Application-Based Systems$3https://scigraph.springernature.com/ontologies/product-market-codes/I13030 606 $aComputer Applications$3https://scigraph.springernature.com/ontologies/product-market-codes/I23001 606 $aComputing Milieux$3https://scigraph.springernature.com/ontologies/product-market-codes/I24008 615 0$aArtificial intelligence. 615 0$aComputer communication systems. 615 0$aSpecial purpose computers. 615 0$aApplication software. 615 0$aComputers. 615 14$aArtificial Intelligence. 615 24$aComputer Communication Networks. 615 24$aSpecial Purpose and Application-Based Systems. 615 24$aComputer Applications. 615 24$aComputing Milieux. 676 $a629.8924019 702 $aCheok$b Adrian David$4edt$4http://id.loc.gov/vocabulary/relators/edt 702 $aLevy$b David$4edt$4http://id.loc.gov/vocabulary/relators/edt 801 0$bMiAaPQ 801 1$bMiAaPQ 801 2$bMiAaPQ 906 $aBOOK 912 $a996465498903316 996 $aLove and Sex with Robots$92095767 997 $aUNISA LEADER 01053nam a2200265 i 4500 001 991001018189707536 005 20020502182459.0 008 930510s1992 it ||| | ita 020 $a8886025564 035 $ab11452067-39ule_inst 035 $aPRUMB53568$9ExL 040 $aScuola per assistenti sociali$bita 100 1 $aBenzi, Oreste$0526823 245 10$aContro l'ovvio dei popoli :$bprovocazioni su droga, comunità terapeutiche, vere e false guarigioni /$cDon Oreste Benzi ; prefazione di Mons. Ersilio Tonini ; a cura di Valerio Lessi 260 $aRimini :$bGuaraldi,$cc1992 300 $a111 p. ;$c21 cm. 490 0 $aAssociazione Papa Giovanni 23. ;$v2 650 4$aTossicomania 700 1 $aLessi, Valerio 907 $a.b11452067$b01-03-17$c01-07-02 912 $a991001018189707536 945 $aLE024 SS/B V 25$g1$i2021000176616$lle021$nex DUSS$o-$pE0.00$q-$rl$s- $t0$u2$v0$w2$x0$y.i11638552$z01-07-02 996 $aContro l'ovvio dei popoli$9820556 997 $aUNISALENTO 998 $ale021$b01-01-93$cm$da $e-$fita$git $h0$i1